[Event "Titled Tuesday intern op 13th Feb Early"]
[Site "Chess.com INT"]
[Date "2024.02.13"]
[Round "8"]
[White "Lancman, Kyle"]
[Black "Merriman, John"]
[Result "1-0"]
[WhiteElo "2075"]
[BlackElo "2251"]
[PlyCount "87"]
[EventDate "2024.02.13"]
[EventType "swiss (blitz)"]
[EventRounds "11"]
[EventCountry "USA"]
[SourceTitle "CB08_2024"]
[SourceDate "2024.02.21"]
[SourceVersion "1"]
[SourceVersionDate "2024.02.21"]
[SourceQuality "1"]

1. e4 c5 2. Nf3 e6 3. c3 d5 4. exd5 Qxd5 5. d4 Nf6 6. Na3 Be7 7. Be3 0-0 8. dxc5 Rd8 9. Qxd5 Nxd5 10. Bd4 Nc6 11. 0-0-0 b6 12. cxb6 Bxa3 13. bxa3 axb6 14. Bb5 Bb7 15. Kb2 Nxd4 16. Rxd4 Nc7 17. Be2 Rxd4 18. cxd4 Nd5 19. g3 Rc8 20. Nd2 Nf4 21. Re1 Nxe2 22. Rxe2 Bd5 23. Nb3 Kf8 24. Rc2 Rxc2+ 25. Kxc2 Ke7 26. Kc3 Kd6 27. a4 Kc7 28. a3 Kc6 29. Kb4 h5 30. Nd2 g5 31. a5 bxa5+ 32. Kxa5 f5 33. Kb4 h4 34. Kc3 h3 35. f4 g4 36. a4 Kb6 37. Nc4+ Ka6 38. Kb4 Kb7 39. Ne3 Be4 40. Kc5 Ka6 41. d5 exd5 42. Nxd5 Ka5 43. Nc3 Bc2 44. Kc4 1-0

[Event "Titled Tuesday intern op 13th Feb Early"]
[Site "Chess.com INT"]
[Date "2024.02.13"]
[Round "2"]
[White "Maltsevskaya, Aleksandra"]
[Black "Lancman, Kyle"]
[Result "0-1"]
[WhiteElo "2374"]
[BlackElo "2075"]
[PlyCount "50"]
[EventDate "2024.02.13"]
[EventType "swiss (blitz)"]
[EventRounds "11"]
[EventCountry "USA"]
[SourceTitle "CB08_2024"]
[SourceDate "2024.02.21"]
[SourceVersion "1"]
[SourceVersionDate "2024.02.21"]
[SourceQuality "1"]

1. Nf3 c5 2. g3 Nc6 3. Bg2 e5 4. d3 g6 5. 0-0 Bg7 6. e4 Nge7 7. Nbd2 0-0 8. Nh4 d5 9. exd5 Nxd5 10. Nc4 Be6 11. a4 Rc8 12. c3 Qd7 13. Re1 Rfd8 14. a5 Nc7 15. Qa4 Qxd3 16. Ne3 Qb5 17. Nf3 Qxa4 18. Rxa4 Nd5 19. Ng5 Nxe3 20. Nxe6 Nxg2 21. Nxd8 Nxe1 22. Nxb7 Nd3 23. Be3 Nxb2 24. Ra2 Nc4 25. Bxc5 N6xa5 0-1